| Tag |
First Indicator |
Second Indicator |
Subfields |
| LEADER |
00000cam a2200000 a 4500 |
| 001 |
in00000007665 |
| 005 |
20231006172703.0 |
| 008 |
870227s1987 vau b 001 0 eng |
| 010 |
|
|
|a 87060684
|
| 019 |
|
|
|a 10168604
|a 15433735
|a 15717774
|a 1114425829
|
| 020 |
|
|
|a 0874732700
|
| 020 |
|
|
|a 9780874732702
|
| 035 |
|
|
|a (OCoLC)ocm18107179
|
| 035 |
|
|
|a (OCoLC)18107179
|z (OCoLC)10168604
|z (OCoLC)15433735
|z (OCoLC)15717774
|z (OCoLC)1114425829
|
| 035 |
|
|
|a (OCoLC)ocm18107179
|
| 040 |
|
|
|a DLC
|b eng
|c DLC
|d BTCTA
|d NIALS
|d OCLCO
|d OCLCF
|d OCLCQ
|d OCLCO
|
| 043 |
|
|
|a n-us---
|
| 050 |
0 |
0 |
|a KF7620
|b .S34 1987
|
| 082 |
0 |
0 |
|a 343.73/0143
|a 347.303143
|2 19
|
| 100 |
1 |
|
|a Schlueter, David A.
|
| 245 |
1 |
0 |
|a Military criminal justice :
|b practice and procedure /
|c David A. Schlueter.
|
| 250 |
|
|
|a 2nd ed.
|
| 260 |
|
|
|a Charlottesville, Va. :
|b Michie Co.,
|c ©1987.
|
| 300 |
|
|
|a xxvii, 890 pages ;
|c 27 cm
|
| 336 |
|
|
|a text
|b txt
|2 rdacontent
|
| 337 |
|
|
|a unmediated
|b n
|2 rdamedia
|
| 338 |
|
|
|a volume
|b nc
|2 rdacarrier
|
| 500 |
|
|
|a Kept up to date by pocket parts.
|
| 504 |
|
|
|a Includes bibliographical references and index.
|
| 650 |
|
0 |
|a Courts-martial and courts of inquiry
|z United States.
|
| 650 |
|
0 |
|a Military offenses
|z United States.
|
| 650 |
|
7 |
|a Courts-martial and courts of inquiry.
|2 fast
|0 (OCoLC)fst00881868
|
| 650 |
|
7 |
|a Military offenses.
|2 fast
|0 (OCoLC)fst01021349
|
| 651 |
|
7 |
|a United States.
|2 fast
|0 (OCoLC)fst01204155
|
| 776 |
0 |
8 |
|i Online version:
|a Schlueter, David A.
|t Military criminal justice.
|b 2nd ed.
|d Charlottesville, Va. : Michie Co., ©1987
|w (OCoLC)743256228
|
| 938 |
|
|
|a Baker and Taylor
|b BTCP
|n 87060684
|
| 948 |
|
|
|h HELD BY TXA - 132 OTHER HOLDINGS
|
| 994 |
|
|
|a Z0
|b TXA
|
| 999 |
f |
f |
|s a470ad48-d90b-38a8-8b62-fe54568faacf
|i 2f4d2bfc-5090-398e-be44-04cfd24d567d
|t 0
|
| 952 |
f |
f |
|p ric
|a Texas A&M University
|b Rellis Campus
|c Joint Library Facility
|s JLF
|d Remote Storage
|t 0
|e KF7620 .S34 1987
|h Library of Congress classification
|i unmediated -- volume
|m A14812604338
|